Creatividad, mapas conceptuales y TIC en educación (Record no. 176191)
[ view plain ]
| 000 -CABECERA | |
|---|---|
| campo de control de longitud fija | 01834nab a2200361 a 4500 |
| 005 - FECHA Y HORA DE LA ÚLTIMA TRANSACCIÓN | |
| campo de control | 20210219162434.0 |
| 008 - ELEMENTOS DE LONGITUD FIJA--INFORMACIÓN GENERAL | |
| campo de control de longitud fija | 991125s1985 mx 000 0 spa u |
| 035 ## - NÚMERO DE CONTROL DEL SISTEMA | |
| Número de control de sistema | UPN01000204090 |
| 049 ## - COLECCIÓN | |
| Colección | ART-E |
| 100 1# - ASIENTO PRINCIPAL--NOMBRE PERSONAL | |
| Nombre de persona | Ricardo Chrobak, Ricardo |
| 100 1# - ASIENTO PRINCIPAL--NOMBRE PERSONAL | |
| Filiación | mecenster@gmail.com |
| 100 1# - ASIENTO PRINCIPAL--NOMBRE PERSONAL | |
| Nombre de persona | García Sempere, Pablo |
| 100 1# - ASIENTO PRINCIPAL--NOMBRE PERSONAL | |
| Filiación | pgs@ugr.es |
| 100 1# - ASIENTO PRINCIPAL--NOMBRE PERSONAL | |
| Nombre de persona | Prieto, Ana Beatriz |
| 100 1# - ASIENTO PRINCIPAL--NOMBRE PERSONAL | |
| Filiación | anabeatrizprieto@gmail.com |
| 222 #0 - TÍTULO CLAVE | |
| Título clave | EDMETIC (REVISTA DE EDUCACION MEDIATICA Y TIC) |
| 245 00 - MENCIÓN DE TÍTULO | |
| Título | Creatividad, mapas conceptuales y TIC en educación |
| 260 ## - PUBLICACIÓN, DISTRIBUCIÓN, ETC. | |
| Lugar de publicación, distribución, etc. | España |
| 300 ## - DESCRIPCIÓN FÍSICA | |
| Extensión | 78-94 |
| 362 0# - FECHAS DE PUBLICACIÓN Y/O DESIGNACIÓN SECUENCIAL | |
| Fecha de publicación y/o designación secuencial | 2015 Vol. 4, no. 1 |
| 336 ## - TIPO DE CONTENIDO | |
| Término de tipo de contenido | texto$2rdacontent |
| 337 ## - TIPO DE MEDIO | |
| Nombre/término del tipo de medio | computadora$2rdamedia |
| 338 ## - TIPO DE SOPORTE | |
| Nombre/término del tipo de soporte | recurso en linea$2rdacarrier |
| 520 3# - NOTA DE RESUMEN, ETC. | |
| Sumario, etc. | Los mapas conceptuales, además de ser unas herramientas que nos permiten representar el conocimiento de manera gráfica y fomentar los aprendizajes, también pueden desarrollar la creatividad. En este trabajo mostramos diferentes relaciones existentes entre el proceso de construcción de mapas conceptuales y la creatividad humana. También se resalta la importancia del aprendizaje significativo y se profundiza en los diferentes principios que guían la creación de mapas conceptuales. Finalmente se presenta el software Cmaptools como una herramienta a tener en cuenta en los centros educativos ya que su utilización planificada puede tener resultados significativos en la mejora de los aprendizajes. |
| 653 0# - TERMINO DE INDIZACION - NO CONTROLADO | |
| Término no controlado | MAPAS CONCEPTUALES |
| 653 0# - TERMINO DE INDIZACION - NO CONTROLADO | |
| Término no controlado | TECNOLOGIAS DE LA INFORMACION Y LA COMUNICACION (TIC) |
| 653 0# - TERMINO DE INDIZACION - NO CONTROLADO | |
| Término no controlado | APRENDIZAJE SIGNIFICATIVO |
| 653 0# - TERMINO DE INDIZACION - NO CONTROLADO | |
| Término no controlado | CREATIVIDAD |
| 653 0# - TERMINO DE INDIZACION - NO CONTROLADO | |
| Término no controlado | CONOCIMIENTO |
| 856 4# - LOCALIZACIÓN Y ACCESO ELECTRÓNICOS | |
| Identificador Uniforme del Recurso | <a href="http://www.uco.es/servicios/publicaciones/revistas/index.php/edmetic/article/view/273/272">http://www.uco.es/servicios/publicaciones/revistas/index.php/edmetic/article/view/273/272</a> |
| 905 ## - TIPO DE MATERIAL | |
| Tipo de material | Articulo |
No items available.
